The effect of using water spinach in concentrates on growth rate of quail at the animal experimental station of royal university of agriculture, (ឥទ្ធិពលនៃការប្រើប្រាស់ត្រកួនក្រៀមក្នុងចំណីផ្សំលើការលូតលាស់របស់ក្រូចសាច់ នៅក្នុងស្ថានីយ៍ពិសោធន៍សត្វ នៃសាកលវិទ្យាល័យភូមិន្ទកសិកម្ម) (Record no. 2113)
[ view plain ]
| 000 -LEADER | |
|---|---|
| fixed length control field | 00896nam a22001577a 4500 |
| 003 - CONTROL NUMBER IDENTIFIER | |
| control field | OSt |
| 005 - DATE AND TIME OF LATEST TRANSACTION | |
| control field | 20151007095742.0 |
| 008 - FIXED-LENGTH DATA ELEMENTS--GENERAL INFORMATION | |
| fixed length control field | 151007b xxu||||| |||| 00| 0 eng d |
| 040 ## - CATALOGING SOURCE | |
| Transcribing agency | RUA |
| 082 ## - DEWEY DECIMAL CLASSIFICATION NUMBER | |
| Classification number | AVM TOU 2006 B077 Or.1 |
| 100 ## - MAIN ENTRY--PERSONAL NAME | |
| 9 (RLIN) | 2242 |
| Personal name | TOUCH YEKLEANG |
| 245 ## - TITLE STATEMENT | |
| Title | The effect of using water spinach in concentrates on growth rate of quail at the animal experimental station of royal university of agriculture, (ឥទ្ធិពលនៃការប្រើប្រាស់ត្រកួនក្រៀមក្នុងចំណីផ្សំលើការលូតលាស់របស់ក្រូចសាច់ នៅក្នុងស្ថានីយ៍ពិសោធន៍សត្វ នៃសាកលវិទ្យាល័យភូមិន្ទកសិកម្ម) |
| 260 ## - PUBLICATION, DISTRIBUTION, ETC. (IMPRINT) | |
| Place of publication, distribution, etc. | phnom penh |
| Name of publisher, distributor, etc. | rua |
| Date of publication, distribution, etc. | 2006 |
| 300 ## - PHYSICAL DESCRIPTION | |
| Extent | ix, 40p. |
| Other physical details | ill. |
| Dimensions | 29cm. |
| 942 ## - ADDED ENTRY ELEMENTS (KOHA) | |
| Source of classification or shelving scheme | |
| Koha item type | AVM |
| Price effective from | Date last seen | Permanent Location | Not for loan | Date acquired | Source of classification or shelving scheme | Koha item type | Lost status | Withdrawn status | Date last checked out | Total Checkouts | Damaged status | Barcode | Shelving location | Current Location | Full call number |
|---|---|---|---|---|---|---|---|---|---|---|---|---|---|---|---|
| 2015-10-07 | 2026-02-06 | Library Block B | 2015-10-07 | AVM | 2026-01-22 | 5 | RUA008809 | Library Block B | AVM TOU 2006 B077 Or.1 | ||||||
| 2015-10-07 | 2024-05-21 | Library Block B | 2015-10-07 | AVM | 2024-05-09 | 2 | RUA008952 | B077 | Library Block B | AVM TOU 2006 B077 Or.2 | |||||
| 2015-10-07 | 2018-07-31 | Library Block B | 2015-10-07 | AVM | 2018-06-26 | 3 | RUA008808 | Library Block B | AVM TOU 2006 B077 Or.3 | ||||||
| 2015-10-07 | 2016-06-02 | Library Block B | 2015-10-07 | AVM | 2016-05-17 | 1 | RUA008705 | Library Block B | AVM TOU 2006 B077 Or.4 | ||||||
| 2015-10-07 | 2018-05-21 | Library Block B | 2015-10-07 | AVM | 2018-04-27 | 2 | RUA008719 | Library Block B | AVM TOU 2006 B077 Or.5 |